| 000 | 00644nam a2200205Ia 4500 | ||
|---|---|---|---|
| 003 | GCL | ||
| 008 | 140319s9999 xx 000 0 ara d | ||
| 040 |
_aGCL / _cGCL |
||
| 082 | 0 | 4 |
_a811.962 _bف ى |
| 100 | 1 | _aفؤاد حجاج | |
| 245 | 1 | 0 |
_aيوميات عبدالعال: رواية شعر العامية المصرية / _cفؤاد حجاج |
| 300 | _a150 | ||
| 490 |
_aالهيئة العامة للاستعلامات _v0 |
||
| 650 | 0 | 4 | _aالادب العربى |
| 650 | 0 | 4 | _aالقصص العربية |
| 650 | 0 | 4 | _aالادب |
| 650 | 0 | 4 | _aالشعر العامى |
| 650 | 0 | 4 | _aالشعر العامى - مصر |
| 942 |
_2ddc _cBK |
||
| 999 |
_c46869 _d46869 |
||